00256 a2200109 4500001000700000040003500007100002200042240003500064245003000099300000800129362000900137155099 cEscola São Tomás de Aquino aANDERSON, Neil J.10aActive skills for readinglpor10aActive skills for reading a1700 a2002